| 000 | 01055nem a2200241 i 4500 | ||
|---|---|---|---|
| 001 | 185969 | ||
| 003 | ES-MaACL | ||
| 005 | 20250830195445.0 | ||
| 008 | 160831s1882 sp | | | ||spa d | ||
| 130 | 0 |
_aPamplona (Navarra). _kPlanos de población ( _d1882) _9160644 |
|
| 245 | 1 | 0 |
_aPlano de Pamplona [ _hMaterial cartográfico] / _clevantado por una Comisión de Oficiales del Cuerpo de E.M. del Ejército. |
| 255 | _a1:5.000. | ||
| 260 |
_a[Madrid : _bPublicado por el Depósito de la Guerra, _cen 1882. |
||
| 300 |
_a1 plano ; _c66 x 70 cm. |
||
| 500 | _aRepresenta el recinto amurallado. | ||
| 530 | _aDisponible en formato digital. | ||
| 592 | _aOrientado con flecha indicando variación magnética. - Las manzanas sombreadas. | ||
| 710 | 2 |
_aComisión de Oficiales del Cuerpo de Estado Mayor del Ejército (España) _9160630 |
|
| 710 | 1 |
_aEspaña. _bDepósito de la Guerra. _9167579 |
|
| 852 |
_aES-MaACL _jG-6615 |
||
| 856 |
_uhttp://bdh-rd.bne.es/viewer.vm?id=0000017653&page=1 _zBiblioteca Digital Hispánica |
||
| 999 |
_c185969 _d185969 |
||